banner koha

Construcao de estradas florestais e transporte florestal rodoviario na regiao amazonica [Engenharia florestal; Custo operacional; Brasil] (Registro n. 271834)

MARC details
000 -LÍDER
campo de controle de tamanho fixo 01226nac a22003137a 4500
001 - NÚMERO DE CONTROLE
campo de controle BR8100127
003 - IDENTIFICADOR DO NÚMERO DE CONTROLE
campo de controle BR-BrBNA
005 - DATA E HORÁRIO DA ÚLTIMA TRANSAÇÃO
campo de controle 20240105114900.0
008 - CAMPO DE DADOS FIXOS--INFORMAÇÃO GERAL
campo de controle de tamanho fixo 230509b bl.|||m| |||| 00| 0 por d
040 ## - FONTE DA CATALOGAÇÃO
Instituição da catalogação original BR-BrBNA
Idioma da catalogação por
Instituição que transcreveu o registro Biblioteca Nacional de Agricultura
072 ## - CÓDIGO DE CATEGORIA DE ASSUNTO
Código de Categoria de Assunto N10; E70; K10
090 ## - NÚMERO DE CHAMADA LOCAL
Número de chamada N10 BR8100127
110 1# - ENTRADA PRINCIPAL--NOME CORPORATIVO
Nome corporativo ou nome da jurisdição Centro de Pesquisa Agropecuaria do Tropico Umido, Belem, PA (Brasil)
245 1# - TÍTULO
Título Construcao de estradas florestais e transporte florestal rodoviario na regiao amazonica [Engenharia florestal; Custo operacional; Brasil]
246 1# - FORMA VARIANTE DO TÍTULO
Título/título abreviado [Construction of forest roads and road forest transportation in the amazon region [Forest engeneering; Operational cost; Brazil]]
260 3# - PUBLICAÇÃO, DISTRIBUIÇÃO, ETC.
Local de publicação, distribuição, etc. Belem, PA (Brasil):
Data da publicação, distribuição, etc. Feb 1980.
300 ## - DESCRIÇÃO FÍSICA
Extensão 30 p.
490 ## - TÍTULO DA SÉRIE
Título da série Circular Tecnica - Centro de Pesquisa Agropecuaria do Tropico Umido (Brazil)
Número do volume ou designação sequencial da série no. 6
ISSN - International Standard Serial Number
500 ## - NOTA GERAL
Nota geral 15 illus.; Summaries (En, Pt)
650 ## - ASSUNTO--TERMO TÓPICO
Cabeçalho tópico ou nome geográfico Engenharia agricola
650 ## - ASSUNTO--TERMO TÓPICO
Cabeçalho tópico ou nome geográfico Comercializacao
650 ## - ASSUNTO--TERMO TÓPICO
Cabeçalho tópico ou nome geográfico Producao florestal
650 ## - ASSUNTO--TERMO TÓPICO
Cabeçalho tópico ou nome geográfico Transporte rodoviario
650 ## - ASSUNTO--TERMO TÓPICO
Cabeçalho tópico ou nome geográfico Estrada de rodagem
650 ## - ASSUNTO--TERMO TÓPICO
Cabeçalho tópico ou nome geográfico Custo operacional
650 ## - ASSUNTO--TERMO TÓPICO
Cabeçalho tópico ou nome geográfico Amazonia
909 ## -
-- 202312
-- Lúcia Elande
-- 55
-- Lúcia Elande
942 ## - ELEMENTOS DE ENTRADA ADICIONADOS (KOHA)
Fonte da classificação ou esquema de arquivamento na estante Classificação AGRIS
Ocultar no OPAC Não
Tipo de material Koha Monografia Seriada
Exemplares
Situação do descarte Fonte da classificação ou esquema de arquivamento na estante Situação física Não pode ser emprestado Coleção Biblioteca de origem Biblioteca atual Localização na estante Total de empréstimos Número de telefone completo Código de barras Data de último acesso Tipo de material Koha Fonte de aquisição
  Classificação AGRIS       Biblioteca Nacional de Agricultura - Binagri Biblioteca Nacional de Agricultura - Binagri Agrobase - Acervo Geral   N10 BR8100127 N10 BR8100127 18/12/2023 Monografia Seriada Portaria Interministerial nº 164/94

BINAGRI

Telefone: (61)3218-2567/2388/3357/2097 - binagri@agro.gov.br

Ministério da Agricultura e Pecuária , Esplanada dos Ministérios, Bloco D, Anexo B, Brasília/DF, CEP: 70.043-900